[Event "Rapid Tournament (RAP)"]
[Site "Biel, CH"]
[Date "2025.07.13"]
[Round "6"]
[White "Schweizer, Simon"]
[Black "Degtiarev, Evgeny"]
[Result "1-0"]
[Board "5"]
[WhiteFideId "1325361"]
[BlackFideId "4149610"]
[BlackTitle "IM"]
[WhiteElo "2131"]
[BlackElo "2331"]
[WhiteTeam "JPN"]
[BlackTeam "GER"]
[WhiteClock "0:14:10"]
[BlackClock "0:03:13"]
[Variant "Standard"]

1. e4 {[%clk 0:15:08]}  e5 {[%clk 0:15:08]} 2. Nf3 {[%clk 0:15:11]}  Nc6 {[%clk 0:15:11]} 3. Nc3 {[%clk 0:15:14]}  Nf6 {[%clk 0:15:13]} 4. g3 {[%clk 0:13:33]}  Bc5 {[%clk 0:13:33]} 5. Bg2 {[%clk 0:15:21]}  a6 {[%clk 0:13:35]} 6. O-O {[%clk 0:15:18]}  d6 {[%clk 0:13:38]} 7. d3 {[%clk 0:15:21]}  O-O {[%clk 0:13:21]} 8. h3 {[%clk 0:15:24]}  b5 {[%clk 0:12:37]} 9. a3 {[%clk 0:15:08]}  Rb8 {[%clk 0:12:11]} 10. Kh2 {[%clk 0:15:18]}  Ne7 {[%clk 0:11:11]} 11. d4 {[%clk 0:15:16]}  exd4 {[%clk 0:11:03]} 12. Nxd4 {[%clk 0:15:19]}  Bb7 {[%clk 0:10:22]} 13. Bg5 {[%clk 0:15:01]}  Nd7 {[%clk 0:07:51]} 14. Nd5 {[%clk 0:14:35]}  Bxd5 {[%clk 0:07:54]} 15. exd5 {[%clk 0:14:37]}  Bxd4 {[%clk 0:07:53]} 16. Qxd4 {[%clk 0:14:37]}  h6 {[%clk 0:07:26]} 17. Bd2 {[%clk 0:14:39]}  f5 {[%clk 0:04:47]} 18. Bc3 {[%clk 0:14:26]}  Rf7 {[%clk 0:04:51]} 19. f4 {[%clk 0:14:29]}  Nf6 {[%clk 0:04:29]} 20. Rfe1 {[%clk 0:13:53]}  Qd7 {[%clk 0:04:18]} 21. Re2 {[%clk 0:13:45]}  c5 {[%clk 0:03:28]} 22. dxc6 {[%clk 0:14:17]}  Nxc6 {[%clk 0:03:32]} 23. Qd3 {[%clk 0:14:10]}  Rd8 {[%clk 0:03:11]} 24. Bxf6 {[%clk 0:14:07]}  Rxf6 {[%clk 0:03:13]} 25. Qd5+ {[%clk 0:14:10]} 1-0

[Event "Rapid Tournament (RAP)"]
[Site "Biel, CH"]
[Date "2025.07.13"]
[Round "6"]
[White "Menzi, Jonas"]
[Black "Maier, Christian"]
[Result "0-1"]
[Board "6"]
[WhiteFideId "1345133"]
[BlackFideId "4601955"]
[BlackTitle "IM"]
[WhiteElo "2097"]
[BlackElo "2250"]
[WhiteTeam "SUI"]
[BlackTeam "GER"]
[WhiteClock "0:00:17"]
[BlackClock "0:05:43"]
[Variant "Standard"]

1. e4 {[%clk 0:15:08]}  e5 {[%clk 0:15:04]} 2. Nf3 {[%clk 0:15:11]}  Nc6 {[%clk 0:15:07]} 3. Bb5 {[%clk 0:15:14]}  a6 {[%clk 0:15:09]} 4. Ba4 {[%clk 0:15:17]}  Nf6 {[%clk 0:15:12]} 5. O-O {[%clk 0:15:20]}  Be7 {[%clk 0:15:16]} 6. Re1 {[%clk 0:15:17]}  b5 {[%clk 0:15:15]} 7. Bb3 {[%clk 0:15:21]}  O-O {[%clk 0:15:17]} 8. a4 {[%clk 0:14:05]}  d5 {[%clk 0:13:59]} 9. exd5 {[%clk 0:11:40]}  e4 {[%clk 0:13:42]} 10. dxc6 {[%clk 0:11:30]}  exf3 {[%clk 0:13:45]} 11. Qxf3 {[%clk 0:11:31]}  Bg4 {[%clk 0:13:30]} 12. Qg3 {[%clk 0:11:08]}  Bd6 {[%clk 0:13:28]} 13. Qh4 {[%clk 0:11:12]}  Re8 {[%clk 0:13:21]} 14. f3 {[%clk 0:07:45]}  Bc5+ {[%clk 0:12:08]} 15. Kh1 {[%clk 0:08:35]}  Qd4 {[%clk 0:07:31]} 16. Rf1 {[%clk 0:05:18]}  Re2 {[%clk 0:05:48]} 17. fxg4 {[%clk 0:00:43]}  Nxg4 {[%clk 0:05:43]} 18. Rxf7 {[%clk 0:00:17]}  Qg1# {[%clk 0:05:43]} 0-1

[Event "Rapid Tournament (RAP)"]
[Site "Biel, CH"]
[Date "2025.07.13"]
[Round "6"]
[White "Kappeler, Kaspar"]
[Black "De Gregorio, Alexis"]
[Result "1-0"]
[Board "7"]
[WhiteFideId "1309072"]
[BlackFideId "1310054"]
[WhiteTitle "FM"]
[WhiteElo "2178"]
[BlackElo "2032"]
[WhiteTeam "SUI"]
[BlackTeam "SUI"]
[WhiteClock "0:00:36"]
[BlackClock "0:00:11"]
[Variant "Standard"]

1. d4 {[%clk 0:15:08]}  Nf6 {[%clk 0:14:11]} 2. c4 {[%clk 0:15:10]}  e6 {[%clk 0:14:13]} 3. g3 {[%clk 0:15:13]}  c5 {[%clk 0:14:14]} 4. d5 {[%clk 0:15:12]}  exd5 {[%clk 0:14:16]} 5. cxd5 {[%clk 0:15:15]}  d6 {[%clk 0:14:19]} 6. Nc3 {[%clk 0:15:16]}  Be7 {[%clk 0:14:13]} 7. Bg2 {[%clk 0:14:52]}  O-O {[%clk 0:14:00]} 8. Nf3 {[%clk 0:14:51]}  a6 {[%clk 0:13:31]} 9. a4 {[%clk 0:14:53]}  Re8 {[%clk 0:11:02]} 10. O-O {[%clk 0:14:52]}  Bf8 {[%clk 0:10:36]} 11. Nd2 {[%clk 0:14:16]}  Nbd7 {[%clk 0:10:18]} 12. h3 {[%clk 0:13:40]}  Rb8 {[%clk 0:09:31]} 13. Nc4 {[%clk 0:13:31]}  b5 {[%clk 0:09:23]} 14. axb5 {[%clk 0:13:21]}  axb5 {[%clk 0:09:25]} 15. Na5 {[%clk 0:11:49]}  Qc7 {[%clk 0:07:37]} 16. Nc6 {[%clk 0:12:28]}  Rb7 {[%clk 0:06:47]} 17. Qc2 {[%clk 0:10:08]}  b4 {[%clk 0:06:20]} 18. Nd1 {[%clk 0:09:57]}  Ne5 {[%clk 0:06:05]} 19. Ne3 {[%clk 0:08:46]}  Nxc6 {[%clk 0:05:26]} 20. dxc6 {[%clk 0:08:47]}  Ra7 {[%clk 0:05:28]} 21. Rxa7 {[%clk 0:08:05]}  Qxa7 {[%clk 0:05:31]} 22. b3 {[%clk 0:07:59]}  Be6 {[%clk 0:05:06]} 23. Bb2 {[%clk 0:07:40]}  Qa2 {[%clk 0:02:47]} 24. Bxf6 {[%clk 0:03:55]}  Qxc2 {[%clk 0:03:29]} 25. Nxc2 {[%clk 0:03:56]}  gxf6 {[%clk 0:03:33]} 26. Ne3 {[%clk 0:03:11]}  Bxb3 {[%clk 0:02:38]} 27. Ra1 {[%clk 0:02:23]}  Rc8 {[%clk 0:02:01]} 28. Ra7 {[%clk 0:01:51]}  Be6 {[%clk 0:01:25]} 29. Nd5 {[%clk 0:01:35]}  Kg7 {[%clk 0:00:19]} 30. Nf4 {[%clk 0:01:03]}  c4 {[%clk 0:00:17]} 31. Nxe6+ {[%clk 0:01:05]}  Kg8 {[%clk 0:00:16]} 32. Nd4 {[%clk 0:00:36]}  b3 {[%clk 0:00:16]} 33. Rb7 {[%clk 0:00:34]}  Kg7 {[%clk 0:00:11]} 34. Bd5 {[%clk 0:00:36]} 1-0

[Event "Rapid Tournament (RAP)"]
[Site "Biel, CH"]
[Date "2025.07.13"]
[Round "6"]
[White "Bai, Xue"]
[Black "Vemparala, Nikash"]
[Result "1-0"]
[Board "8"]
[WhiteFideId "8608717"]
[BlackFideId "30960967"]
[BlackTitle "CM"]
[WhiteElo "2035"]
[BlackElo "2178"]
[WhiteTeam "CHN"]
[BlackTeam "USA"]
[WhiteClock "0:08:41"]
[BlackClock "0:04:53"]
[Variant "Standard"]

1. e4 {[%clk 0:15:08]}  e5 {[%clk 0:14:31]} 2. Nf3 {[%clk 0:15:11]}  Nc6 {[%clk 0:14:35]} 3. Bb5 {[%clk 0:15:14]}  Bc5 {[%clk 0:14:39]} 4. c3 {[%clk 0:15:14]}  Nf6 {[%clk 0:14:43]} 5. d3 {[%clk 0:15:15]}  O-O {[%clk 0:14:44]} 6. O-O {[%clk 0:15:16]}  d6 {[%clk 0:14:44]} 7. Be3 {[%clk 0:15:15]}  Bxe3 {[%clk 0:14:16]} 8. fxe3 {[%clk 0:15:17]}  Ne7 {[%clk 0:14:06]} 9. Nbd2 {[%clk 0:15:19]}  Ng6 {[%clk 0:14:08]} 10. Qe2 {[%clk 0:15:14]}  c6 {[%clk 0:14:07]} 11. Ba4 {[%clk 0:14:57]}  d5 {[%clk 0:13:57]} 12. exd5 {[%clk 0:15:04]}  cxd5 {[%clk 0:14:00]} 13. Bc2 {[%clk 0:14:50]}  Qb6 {[%clk 0:13:43]} 14. Rab1 {[%clk 0:14:39]}  Bd7 {[%clk 0:13:09]} 15. h3 {[%clk 0:14:35]}  Rfe8 {[%clk 0:13:00]} 16. Qf2 {[%clk 0:14:35]}  h6 {[%clk 0:12:54]} 17. e4 {[%clk 0:13:38]}  dxe4 {[%clk 0:12:34]} 18. dxe4 {[%clk 0:13:33]}  Qxf2+ {[%clk 0:12:05]} 19. Kxf2 {[%clk 0:13:33]}  Bc6 {[%clk 0:12:08]} 20. g3 {[%clk 0:13:04]}  Rad8 {[%clk 0:12:10]} 21. Ke3 {[%clk 0:13:01]}  b5 {[%clk 0:11:47]} 22. Nb3 {[%clk 0:12:58]}  Nh5 {[%clk 0:11:20]} 23. Rg1 {[%clk 0:12:50]}  Rd6 {[%clk 0:11:14]} 24. Nc5 {[%clk 0:12:43]}  Red8 {[%clk 0:10:35]} 25. b4 {[%clk 0:12:34]}  Nf6 {[%clk 0:09:32]} 26. Rbd1 {[%clk 0:12:21]}  Rxd1 {[%clk 0:09:21]} 27. Rxd1 {[%clk 0:11:51]}  Rxd1 {[%clk 0:09:19]} 28. Bxd1 {[%clk 0:11:54]}  Nd7 {[%clk 0:09:10]} 29. Nxd7 {[%clk 0:11:10]}  Bxd7 {[%clk 0:09:13]} 30. h4 {[%clk 0:11:02]}  f6 {[%clk 0:08:47]} 31. Bb3+ {[%clk 0:11:00]}  Kf8 {[%clk 0:08:50]} 32. c4 {[%clk 0:11:01]}  bxc4 {[%clk 0:08:42]} 33. Bxc4 {[%clk 0:11:05]}  Ne7 {[%clk 0:08:44]} 34. b5 {[%clk 0:11:03]}  Nc8 {[%clk 0:08:43]} 35. Nd2 {[%clk 0:10:03]}  Ke7 {[%clk 0:08:47]} 36. Kd3 {[%clk 0:09:52]}  Kd6 {[%clk 0:08:24]} 37. Kc3 {[%clk 0:09:51]}  Nb6 {[%clk 0:08:13]} 38. Kb4 {[%clk 0:09:19]}  Bc8 {[%clk 0:07:35]} 39. a4 {[%clk 0:09:17]}  Nxc4 {[%clk 0:06:20]} 40. Nxc4+ {[%clk 0:09:20]}  Ke6 {[%clk 0:06:23]} 41. Kc5 {[%clk 0:09:22]}  Bb7 {[%clk 0:06:15]} 42. Nd6 {[%clk 0:09:15]}  Ba8 {[%clk 0:06:00]} 43. a5 {[%clk 0:09:15]}  g6 {[%clk 0:05:43]} 44. g4 {[%clk 0:08:57]}  h5 {[%clk 0:05:32]} 45. gxh5 {[%clk 0:08:59]}  gxh5 {[%clk 0:05:36]} 46. b6 {[%clk 0:09:02]}  axb6+ {[%clk 0:05:39]} 47. axb6 {[%clk 0:09:06]}  f5 {[%clk 0:05:32]} 48. exf5+ {[%clk 0:09:09]}  Kf6 {[%clk 0:05:36]} 49. Kc4 {[%clk 0:08:32]}  Bg2 {[%clk 0:04:59]} 50. Kd3 {[%clk 0:08:34]}  Bc6 {[%clk 0:04:39]} 51. Ke3 {[%clk 0:08:29]}  Bd5 {[%clk 0:04:41]} 52. Kf2 {[%clk 0:08:09]}  Bc6 {[%clk 0:04:20]} 53. Kg3 {[%clk 0:08:10]}  Bd5 {[%clk 0:03:50]} 54. b7 {[%clk 0:08:08]}  Bxb7 {[%clk 0:03:54]} 55. Nxb7 {[%clk 0:08:11]}  Kxf5 {[%clk 0:03:58]} 56. Nd6+ {[%clk 0:08:14]}  Ke6 {[%clk 0:04:01]} 57. Ne4 {[%clk 0:08:18]}  Kf5 {[%clk 0:04:05]} 58. Kf3 {[%clk 0:08:20]}  Kg6 {[%clk 0:04:09]} 59. Ng3 {[%clk 0:08:24]}  Kf6 {[%clk 0:04:13]} 60. Nxh5+ {[%clk 0:08:21]}  Kg6 {[%clk 0:04:17]} 61. Ng3 {[%clk 0:08:24]}  Kh6 {[%clk 0:04:21]} 62. Ke4 {[%clk 0:08:28]}  Kg6 {[%clk 0:04:25]} 63. Kxe5 {[%clk 0:08:31]}  Kh7 {[%clk 0:04:29]} 64. h5 {[%clk 0:08:34]}  Kh6 {[%clk 0:04:33]} 65. Kf6 {[%clk 0:08:37]}  Kh7 {[%clk 0:04:37]} 66. Kg5 {[%clk 0:08:40]}  Kg7 {[%clk 0:04:40]} 67. Nf5+ {[%clk 0:08:36]}  Kh7 {[%clk 0:04:42]} 68. h6 {[%clk 0:08:36]}  Kg8 {[%clk 0:04:45]} 69. Kg6 {[%clk 0:08:35]}  Kh8 {[%clk 0:04:49]} 70. Nd6 {[%clk 0:08:38]}  Kg8 {[%clk 0:04:53]} 71. h7+ {[%clk 0:08:41]} 1-0

[Event "Rapid Tournament (RAP)"]
[Site "Biel, CH"]
[Date "2025.07.13"]
[Round "6"]
[White "Mueller, Konstantin"]
[Black "Shvedova, Alexandra"]
[Result "0-1"]
[Board "9"]
[WhiteFideId "34661778"]
[BlackFideId "54154782"]
[BlackTitle "WFM"]
[WhiteElo "1798"]
[BlackElo "2177"]
[WhiteTeam "GER"]
[BlackTeam "ITA"]
[WhiteClock "0:00:16"]
[BlackClock "0:00:34"]
[Variant "Standard"]

1. e4 {[%clk 0:15:08]}  c5 {[%clk 0:15:09]} 2. Nf3 {[%clk 0:15:07]}  d6 {[%clk 0:15:13]} 3. d4 {[%clk 0:14:58]}  cxd4 {[%clk 0:15:16]} 4. Nxd4 {[%clk 0:15:02]}  Nf6 {[%clk 0:15:20]} 5. Nc3 {[%clk 0:15:02]}  a6 {[%clk 0:15:23]} 6. a4 {[%clk 0:15:02]}  Nc6 {[%clk 0:15:07]} 7. Be2 {[%clk 0:14:59]}  e6 {[%clk 0:14:44]} 8. O-O {[%clk 0:14:57]}  Be7 {[%clk 0:14:47]} 9. Be3 {[%clk 0:14:41]}  Qc7 {[%clk 0:14:13]} 10. f4 {[%clk 0:14:22]}  Bd7 {[%clk 0:13:59]} 11. Bf3 {[%clk 0:14:21]}  Na5 {[%clk 0:12:50]} 12. Qe2 {[%clk 0:10:44]}  O-O {[%clk 0:09:07]} 13. Rad1 {[%clk 0:10:12]}  Nc4 {[%clk 0:08:47]} 14. Bc1 {[%clk 0:09:56]}  Rac8 {[%clk 0:08:11]} 15. b3 {[%clk 0:08:57]}  Na5 {[%clk 0:08:09]} 16. Bb2 {[%clk 0:08:59]}  e5 {[%clk 0:06:45]} 17. Nf5 {[%clk 0:08:27]}  Bxf5 {[%clk 0:06:09]} 18. exf5 {[%clk 0:08:28]}  exf4 {[%clk 0:05:45]} 19. Qd2 {[%clk 0:07:00]}  Qc5+ {[%clk 0:04:51]} 20. Kh1 {[%clk 0:06:57]}  Qxf5 {[%clk 0:04:29]} 21. Rfe1 {[%clk 0:06:42]}  Rfe8 {[%clk 0:04:07]} 22. Ne4 {[%clk 0:05:32]}  Nxe4 {[%clk 0:03:18]} 23. Rxe4 {[%clk 0:05:05]}  Bg5 {[%clk 0:02:54]} 24. Rde1 {[%clk 0:04:42]}  Red8 {[%clk 0:02:24]} 25. Qxd6 {[%clk 0:04:08]}  Qxe4 {[%clk 0:01:41]} 26. Qxd8+ {[%clk 0:04:08]}  Rxd8 {[%clk 0:01:45]} 27. Bxe4 {[%clk 0:03:51]}  h6 {[%clk 0:01:00]} 28. Kg1 {[%clk 0:02:23]}  Nc6 {[%clk 0:00:54]} 29. Kf2 {[%clk 0:01:29]}  Bh4+ {[%clk 0:00:49]} 30. g3 {[%clk 0:01:33]}  fxg3+ {[%clk 0:00:53]} 31. hxg3 {[%clk 0:01:37]}  Bg5 {[%clk 0:00:49]} 32. Ke2 {[%clk 0:00:42]}  h5 {[%clk 0:00:39]} 33. Bc1 {[%clk 0:00:26]}  Nd4+ {[%clk 0:00:39]} 34. Kf2 {[%clk 0:00:18]}  Bxc1 {[%clk 0:00:33]} 35. Rxc1 {[%clk 0:00:33]}  Nc6 {[%clk 0:00:30]} 36. c3 {[%clk 0:00:23]}  g6 {[%clk 0:00:33]} 37. b4 {[%clk 0:00:25]}  f5 {[%clk 0:00:32]} 38. Bf3 {[%clk 0:00:19]}  Ne5 {[%clk 0:00:35]} 39. Ke2 {[%clk 0:00:13]}  Nxf3 {[%clk 0:00:34]} 40. Kxf3 {[%clk 0:00:17]}  Kf7 {[%clk 0:00:38]} 41. c4 {[%clk 0:00:18]}  Rd3+ {[%clk 0:00:42]} 42. Kf2 {[%clk 0:00:11]}  Ra3 {[%clk 0:00:44]} 43. b5 {[%clk 0:00:08]}  Rxa4 {[%clk 0:00:45]} 44. b6 {[%clk 0:00:09]}  Rb4 {[%clk 0:00:49]} 45. c5 {[%clk 0:00:12]}  Rb5 {[%clk 0:00:35]} 46. Ke3 {[%clk 0:00:13]}  a5 {[%clk 0:00:30]} 47. Kd4 {[%clk 0:00:16]}  Ke6 {[%clk 0:00:30]} 48. Re1+ {[%clk 0:00:19]}  Kd7 {[%clk 0:00:30]} 49. Kc4 {[%clk 0:00:12]}  Rb4+ {[%clk 0:00:34]} 50. Kd5 {[%clk 0:00:15]}  a4 {[%clk 0:00:22]} 51. Ra1 {[%clk 0:00:15]}  g5 {[%clk 0:00:28]} 52. Ke5 {[%clk 0:00:10]}  f4 {[%clk 0:00:32]} 53. Ra3 {[%clk 0:00:08]}  Kc6 {[%clk 0:00:29]} 54. Kf5 {[%clk 0:00:09]}  Kxc5 {[%clk 0:00:28]} 55. Kxg5 {[%clk 0:00:13]}  fxg3 {[%clk 0:00:32]} 56. Kxh5 {[%clk 0:00:13]}  Kxb6 {[%clk 0:00:33]} 57. Rxg3 {[%clk 0:00:16]}  Rc4 {[%clk 0:00:34]} 0-1

[Event "Rapid Tournament (RAP)"]
[Site "Biel, CH"]
[Date "2025.07.13"]
[Round "6"]
[White "Harish, Neeraj"]
[Black "Talwalkar, Vedant"]
[Result "0-1"]
[Board "10"]
[WhiteFideId "30958130"]
[BlackFideId "30962498"]
[WhiteTitle "CM"]
[BlackTitle "FM"]
[WhiteElo "2175"]
[BlackElo "2014"]
[WhiteTeam "USA"]
[BlackTeam "USA"]
[WhiteClock "0:00:28"]
[BlackClock "0:00:25"]
[Variant "Standard"]

1. c4 {[%clk 0:15:06]}  e6 {[%clk 0:14:34]} 2. g3 {[%clk 0:15:04]}  d5 {[%clk 0:14:25]} 3. Bg2 {[%clk 0:15:06]}  Nf6 {[%clk 0:14:28]} 4. Nf3 {[%clk 0:15:09]}  dxc4 {[%clk 0:14:31]} 5. Qa4+ {[%clk 0:15:09]}  Nbd7 {[%clk 0:14:34]} 6. O-O {[%clk 0:15:00]}  a6 {[%clk 0:14:23]} 7. Qxc4 {[%clk 0:15:03]}  c5 {[%clk 0:14:13]} 8. Qc2 {[%clk 0:15:03]}  Rb8 {[%clk 0:13:50]} 9. Nc3 {[%clk 0:14:19]}  b5 {[%clk 0:13:51]} 10. b3 {[%clk 0:13:50]}  Bb7 {[%clk 0:13:54]} 11. Bb2 {[%clk 0:13:53]}  Be7 {[%clk 0:13:45]} 12. d3 {[%clk 0:13:38]}  O-O {[%clk 0:13:47]} 13. e4 {[%clk 0:13:32]}  Qc7 {[%clk 0:13:36]} 14. Ne2 {[%clk 0:13:26]}  Rbc8 {[%clk 0:12:48]} 15. Nd2 {[%clk 0:12:57]}  Rfd8 {[%clk 0:12:20]} 16. Rac1 {[%clk 0:12:32]}  Qb6 {[%clk 0:10:03]} 17. h3 {[%clk 0:09:28]}  e5 {[%clk 0:08:09]} 18. Kh2 {[%clk 0:11:05]}  h6 {[%clk 0:05:46]} 19. f4 {[%clk 0:09:47]}  c4 {[%clk 0:05:05]} 20. bxc4 {[%clk 0:09:33]}  Qe3 {[%clk 0:04:27]} 21. Nc3 {[%clk 0:08:39]}  exf4 {[%clk 0:04:13]} 22. gxf4 {[%clk 0:08:21]}  Bd6 {[%clk 0:03:40]} 23. e5 {[%clk 0:05:32]}  Nxe5 {[%clk 0:03:04]} 24. Bxb7 {[%clk 0:05:15]}  Rc7 {[%clk 0:01:30]} 25. Rce1 {[%clk 0:05:03]}  Qxd3 {[%clk 0:01:50]} 26. Qd1 {[%clk 0:04:26]}  Ng6 {[%clk 0:01:12]} 27. Be4 {[%clk 0:03:00]}  Nxe4 {[%clk 0:00:27]} 28. Ndxe4 {[%clk 0:03:01]}  Bxf4+ {[%clk 0:00:17]} 29. Rxf4 {[%clk 0:02:41]}  Nxf4 {[%clk 0:00:21]} 30. Qg4 {[%clk 0:02:45]}  Ng6 {[%clk 0:00:14]} 31. Nd5 {[%clk 0:02:20]}  Rxd5 {[%clk 0:00:10]} 32. cxd5 {[%clk 0:01:50]}  Rc2+ {[%clk 0:00:15]} 33. Kh1 {[%clk 0:01:52]}  Rxb2 {[%clk 0:00:18]} 34. d6 {[%clk 0:01:36]}  Qc2 {[%clk 0:00:22]} 35. Qg3 {[%clk 0:01:25]}  Qc6 {[%clk 0:00:26]} 36. Kg1 {[%clk 0:01:15]}  Qb6+ {[%clk 0:00:22]} 37. Qe3 {[%clk 0:01:05]}  Qc6 {[%clk 0:00:16]} 38. Rd1 {[%clk 0:00:59]}  Qc2 {[%clk 0:00:14]} 39. Rd2 {[%clk 0:01:02]}  Rb1+ {[%clk 0:00:18]} 40. Kh2 {[%clk 0:00:54]}  Qc1 {[%clk 0:00:14]} 41. Ng3 {[%clk 0:00:19]}  Rb2 {[%clk 0:00:10]} 42. Ne4 {[%clk 0:00:13]}  Rb1 {[%clk 0:00:10]} 43. d7 {[%clk 0:00:15]}  Qh1+ {[%clk 0:00:13]} 44. Kg3 {[%clk 0:00:20]}  Rg1+ {[%clk 0:00:17]} 45. Qxg1 {[%clk 0:00:24]}  Qxg1+ {[%clk 0:00:21]} 46. Kf3 {[%clk 0:00:28]}  Ne5+ {[%clk 0:00:25]} 0-1

[Event "Rapid Tournament (RAP)"]
[Site "Biel, CH"]
[Date "2025.07.13"]
[Round "6"]
[White "Gloeckler, Christian"]
[Black "Anetov, Amirzhan"]
[Result "1-0"]
[Board "11"]
[WhiteFideId "34608966"]
[BlackFideId "13784951"]
[WhiteTitle "FM"]
[WhiteElo "2353"]
[BlackElo "1856"]
[WhiteTeam "GER"]
[BlackTeam "KAZ"]
[WhiteClock "0:15:05"]
[BlackClock "0:11:12"]
[Variant "Standard"]

1. e4 {[%clk 0:15:07]}  e5 {[%clk 0:15:10]} 2. Nf3 {[%clk 0:15:07]}  Nc6 {[%clk 0:15:15]} 3. Bb5 {[%clk 0:15:10]}  a6 {[%clk 0:15:19]} 4. Ba4 {[%clk 0:15:06]}  Nf6 {[%clk 0:15:22]} 5. O-O {[%clk 0:15:06]}  Be7 {[%clk 0:15:26]} 6. d3 {[%clk 0:15:09]}  b5 {[%clk 0:15:30]} 7. Bb3 {[%clk 0:15:13]}  O-O {[%clk 0:15:34]} 8. a4 {[%clk 0:15:15]}  Bb7 {[%clk 0:15:37]} 9. Nc3 {[%clk 0:14:33]}  b4 {[%clk 0:15:41]} 10. Nd5 {[%clk 0:14:35]}  Na5 {[%clk 0:15:44]} 11. Ba2 {[%clk 0:14:07]}  Nxd5 {[%clk 0:15:37]} 12. Bxd5 {[%clk 0:14:07]}  Bxd5 {[%clk 0:15:37]} 13. exd5 {[%clk 0:14:07]}  f6 {[%clk 0:15:37]} 14. Re1 {[%clk 0:13:47]}  b3 {[%clk 0:14:52]} 15. c3 {[%clk 0:12:16]}  Qb8 {[%clk 0:14:19]} 16. d4 {[%clk 0:11:32]}  d6 {[%clk 0:14:18]} 17. Qd3 {[%clk 0:11:27]}  Qb7 {[%clk 0:14:22]} 18. c4 {[%clk 0:08:27]}  Qb4 {[%clk 0:14:23]} 19. Bd2 {[%clk 0:08:29]}  Qxc4 {[%clk 0:14:27]} 20. Qe4 {[%clk 0:08:33]}  f5 {[%clk 0:14:14]} 21. Qe3 {[%clk 0:08:37]}  Qxd5 {[%clk 0:14:18]} 22. Bxa5 {[%clk 0:08:38]}  Qxa5 {[%clk 0:14:22]} 23. Qxb3+ {[%clk 0:08:29]}  Kh8 {[%clk 0:14:21]} 24. dxe5 {[%clk 0:08:32]}  dxe5 {[%clk 0:13:21]} 25. Nxe5 {[%clk 0:08:10]}  Bb4 {[%clk 0:11:34]} 26. Re3 {[%clk 0:08:13]}  Bc5 {[%clk 0:11:12]} 27. Ng6+ {[%clk 0:15:05]} 1-0

[Event "Rapid Tournament (RAP)"]
[Site "Biel, CH"]
[Date "2025.07.13"]
[Round "6"]
[White "Federer, Colin"]
[Black "Panchanathan, Magesh Chandran"]
[Result "0-1"]
[Board "12"]
[WhiteFideId "1345117"]
[BlackFideId "5007429"]
[WhiteTitle "FM"]
[BlackTitle "GM"]
[WhiteElo "2055"]
[BlackElo "2454"]
[WhiteTeam "SUI"]
[BlackTeam "IND"]
[WhiteClock "0:05:49"]
[BlackClock "0:11:55"]
[Variant "Standard"]

1. e4 {[%clk 0:15:03]}  e5 {[%clk 0:15:09]} 2. Nf3 {[%clk 0:15:06]}  Nc6 {[%clk 0:15:13]} 3. Bc4 {[%clk 0:15:09]}  Nf6 {[%clk 0:15:17]} 4. d3 {[%clk 0:15:12]}  Be7 {[%clk 0:15:20]} 5. O-O {[%clk 0:15:08]}  d6 {[%clk 0:15:23]} 6. a4 {[%clk 0:15:09]}  O-O {[%clk 0:15:25]} 7. a5 {[%clk 0:15:10]}  a6 {[%clk 0:15:29]} 8. Re1 {[%clk 0:14:13]}  h6 {[%clk 0:15:32]} 9. c3 {[%clk 0:14:12]}  Nh7 {[%clk 0:15:36]} 10. Nbd2 {[%clk 0:13:35]}  Ng5 {[%clk 0:15:35]} 11. h3 {[%clk 0:13:09]}  Kh8 {[%clk 0:15:33]} 12. Nxg5 {[%clk 0:13:09]}  Bxg5 {[%clk 0:15:36]} 13. Nf3 {[%clk 0:12:59]}  Bxc1 {[%clk 0:15:38]} 14. Qxc1 {[%clk 0:13:02]}  f5 {[%clk 0:15:41]} 15. Kh2 {[%clk 0:12:28]}  fxe4 {[%clk 0:14:14]} 16. dxe4 {[%clk 0:12:30]}  Ne7 {[%clk 0:14:17]} 17. Qe3 {[%clk 0:11:16]}  Ng6 {[%clk 0:14:17]} 18. g3 {[%clk 0:10:49]}  Qf6 {[%clk 0:13:37]} 19. Be2 {[%clk 0:10:49]}  Bd7 {[%clk 0:13:29]} 20. Kg2 {[%clk 0:09:12]}  Rf7 {[%clk 0:12:47]} 21. Rad1 {[%clk 0:08:17]}  Raf8 {[%clk 0:12:48]} 22. c4 {[%clk 0:08:13]}  Ne7 {[%clk 0:12:27]} 23. Rf1 {[%clk 0:07:55]}  Nc6 {[%clk 0:12:28]} 24. Qc3 {[%clk 0:07:40]}  Qe6 {[%clk 0:12:25]} 25. Rh1 {[%clk 0:07:28]}  Nd4 {[%clk 0:12:22]} 26. Rxd4 {[%clk 0:07:13]}  exd4 {[%clk 0:12:25]} 27. Qxd4 {[%clk 0:07:17]}  Bc6 {[%clk 0:12:13]} 28. Nd2 {[%clk 0:06:29]}  Qe5 {[%clk 0:11:55]} 29. Qxe5 {[%clk 0:05:49]}  Rxf2+ {[%clk 0:11:55]} 0-1

[Event "Rapid Tournament (RAP)"]
[Site "Biel, CH"]
[Date "2025.07.13"]
[Round "6"]
[White "Lipecki, Alexander"]
[Black "Gruenfeld, Yehuda"]
[Result "0-1"]
[Board "13"]
[WhiteFideId "1303511"]
[BlackFideId "2800020"]
[BlackTitle "GM"]
[WhiteElo "2126"]
[BlackElo "2308"]
[WhiteTeam "SUI"]
[BlackTeam "ISR"]
[WhiteClock "0:10:27"]
[BlackClock "0:15:05"]
[Variant "Standard"]

1. e4 {[%clk 0:15:08]}  c5 {[%clk 0:15:08]} 2. b4 {[%clk 0:15:05]}  cxb4 {[%clk 0:15:01]} 3. a3 {[%clk 0:15:08]}  d5 {[%clk 0:15:05]} 4. exd5 {[%clk 0:15:09]}  Qxd5 {[%clk 0:15:08]} 5. Nf3 {[%clk 0:15:11]}  e5 {[%clk 0:14:37]} 6. c4 {[%clk 0:15:06]}  Qe4+ {[%clk 0:14:03]} 7. Be2 {[%clk 0:15:06]}  Nc6 {[%clk 0:14:07]} 8. O-O {[%clk 0:14:18]}  Nf6 {[%clk 0:14:10]} 9. Bb2 {[%clk 0:14:03]}  Be7 {[%clk 0:13:54]} 10. axb4 {[%clk 0:13:53]}  Bxb4 {[%clk 0:13:57]} 11. d4 {[%clk 0:13:44]}  exd4 {[%clk 0:13:31]} 12. Nxd4 {[%clk 0:13:57]}  O-O {[%clk 0:13:30]} 13. Bf3 {[%clk 0:13:57]}  Qf4 {[%clk 0:12:07]} 14. Nxc6 {[%clk 0:13:07]}  bxc6 {[%clk 0:12:47]} 15. Ra4 {[%clk 0:13:11]}  a5 {[%clk 0:10:29]} 16. Bxc6 {[%clk 0:11:41]}  Bg4 {[%clk 0:10:14]} 17. Qd4 {[%clk 0:11:37]}  Qxd4 {[%clk 0:11:30]} 18. Bxd4 {[%clk 0:11:39]}  Rac8 {[%clk 0:11:34]} 19. Bb5 {[%clk 0:11:18]}  Be2 {[%clk 0:11:21]} 20. Rc1 {[%clk 0:11:21]}  Rfd8 {[%clk 0:11:25]} 21. Bxf6 {[%clk 0:10:47]}  gxf6 {[%clk 0:11:27]} 22. h4 {[%clk 0:10:39]}  Kg7 {[%clk 0:11:16]} 23. g3 {[%clk 0:10:29]}  Rd4 {[%clk 0:11:09]} 24. Na3 {[%clk 0:10:27]}  Rd1+ {[%clk 0:15:05]} 0-1